[Event "Xtracon GM"]
[Site "Borup"]
[Date "2010.09.04"]
[Round "3"]
[White "Skytte, Rasmus"]
[Black "Holtzmann, Sonny Reimer"]
[Result "1-0"]
[WhiteElo "2400"]
[BlackElo "1738"]
[PlyCount "45"]
[EventDate "2010.09.03"]
[EventType "swiss"]
[EventRounds "9"]
[EventCountry "DEN"]
[Source "ChessBase"]
[SourceDate "2010.10.29"]

1. e4 c6 2. d4 d5 3. Nc3 dxe4 4. Nxe4 Nf6 5. Nxf6+ gxf6 6. c3 Bf5 7. Nf3 Qc7 8.
g3 e6 9. Bg2 Nd7 10. O-O O-O-O 11. Re1 Kb8 12. b4 Bd6 13. Nh4 Bg6 14. a4 Rhe8
15. Qb3 f5 16. b5 c5 17. a5 b6 18. Bg5 Be7 19. Bf4 Bd6 20. Bxd6 Qxd6 21. Nf3 f4
22. axb6 Nxb6 23. Ne5 1-0

[Event "Xtracon GM"]
[Site "Borup"]
[Date "2010.09.04"]
[Round "3"]
[White "Sorensen, Dick"]
[Black "Semcesen, Daniel"]
[Result "0-1"]
[WhiteElo "1966"]
[BlackElo "2416"]
[PlyCount "88"]
[EventDate "2010.09.03"]
[EventType "swiss"]
[EventRounds "9"]
[EventCountry "DEN"]
[Source "ChessBase"]
[SourceDate "2010.10.29"]

1. e4 e5 2. Nf3 Nc6 3. Bc4 Nf6 4. d3 Bc5 5. c3 a6 6. O-O Ba7 7. Bg5 h6 8. Bh4
d6 9. Bb3 Qe7 10. Nbd2 g5 11. Bg3 Bg4 12. h3 Bd7 13. Nc4 Nh5 14. Bh2 Nf4 15.
Ne3 O-O-O 16. Bxf4 gxf4 17. Nd5 Qf8 18. d4 Qg7 19. Kh2 Kb8 20. Qd2 f5 21. exf5
Bxf5 22. Bc2 Rhg8 23. Rg1 Bc8 24. Rad1 Qf7 25. Be4 Be6 26. Nb4 Nxb4 27. cxb4
exd4 28. Nxd4 Bxd4 29. Qxd4 Bxa2 30. Rd3 d5 31. Bf3 Bc4 32. Rdd1 c6 33. Rge1
Rge8 34. Re5 Rxe5 35. Qxe5+ Qc7 36. Qxc7+ Kxc7 37. Rd4 Rf8 38. g3 fxg3+ 39.
Kxg3 Kd6 40. Rf4 Rxf4 41. Kxf4 Bd3 42. h4 b6 43. h5 c5 44. Bg4 d4 0-1

[Event "Xtracon GM"]
[Site "Borup"]
[Date "2010.09.04"]
[Round "3"]
[White "Sulskis, Sarunas"]
[Black "Andersen, Daniel"]
[Result "1-0"]
[WhiteElo "2544"]
[BlackElo "1940"]
[PlyCount "39"]
[EventDate "2010.09.03"]
[EventType "swiss"]
[EventRounds "9"]
[EventCountry "DEN"]
[Source "ChessBase"]
[SourceDate "2010.10.29"]

1. b4 e6 2. Bb2 f5 3. e4 fxe4 4. Qh5+ Ke7 5. Nc3 Nf6 6. Qh4 d5 7. O-O-O Nc6 8.
d3 exd3 9. Bxd3 Kf7 10. Nf3 Nxb4 11. Rhe1 Nxd3+ 12. Rxd3 Bd6 13. Ng5+ Kg8 14.
Nxe6 Bxe6 15. Rxe6 Kf7 16. Rxf6+ gxf6 17. Nxd5 Be7 18. Qh5+ Kf8 19. Nxe7 Qxe7
20. Ba3 1-0

[Event "Xtracon GM"]
[Site "Borup"]
[Date "2010.09.04"]
[Round "3"]
[White "Sylvan, Jacob"]
[Black "Jorgensen, Orla Eilegaard"]
[Result "1-0"]
[WhiteElo "2238"]
[BlackElo "1680"]
[PlyCount "69"]
[EventDate "2010.09.03"]
[EventType "swiss"]
[EventRounds "9"]
[EventCountry "DEN"]
[Source "ChessBase"]
[SourceDate "2010.10.29"]

1. e4 d5 2. Nc3 dxe4 3. Nxe4 Bf5 4. Ng3 Bg6 5. Nf3 Nc6 6. Bb5 Qd5 7. Ba4 e6 8.
O-O Nf6 9. d4 h6 10. Ne5 Bh7 11. c4 Qd6 12. Qf3 Rb8 13. Nxc6 bxc6 14. Bf4 Qd8
15. Qxc6+ Nd7 16. Bxc7 Rc8 17. Bxd8 Rxc6 18. Bxc6 Kxd8 19. Rfd1 Bd6 20. c5 Bc7
21. d5 e5 22. b4 Ke7 23. d6+ Bxd6 24. Rxd6 Nb8 25. Be4 Bxe4 26. Nxe4 f5 27. Nc3
Rc8 28. Re1 e4 29. f3 Nd7 30. Nxe4 fxe4 31. Rxe4+ Kd8 32. c6 Rc7 33. Rxd7+ Rxd7
34. cxd7 Kxd7 35. f4 1-0

[Event "Xtracon GM"]
[Site "Borup"]
[Date "2010.09.04"]
[Round "3"]
[White "Teplyi, Igor"]
[Black "Ambirk, Jan"]
[Result "1-0"]
[WhiteElo "2408"]
[BlackElo "2136"]
[PlyCount "49"]
[EventDate "2010.09.03"]
[EventType "swiss"]
[EventRounds "9"]
[EventCountry "DEN"]
[Source "ChessBase"]
[SourceDate "2010.10.29"]

1. d4 f5 2. g3 Nf6 3. Bg2 e6 4. c4 d5 5. Nh3 c6 6. Nd2 Bd6 7. O-O Qe7 8. Qc2 b6
9. Nf3 O-O 10. Bf4 Nbd7 11. cxd5 Nxd5 12. Qxc6 Nxf4 13. Nxf4 Ba6 14. Qa4 Bb7
15. Rac1 Nf6 16. Ne5 Bxg2 17. Kxg2 Qb7+ 18. Qc6 Qb8 19. Nxe6 Re8 20. Nc7 Bxc7
21. Qc4+ Kh8 22. Nf7+ Kg8 23. Nh6+ Kh8 24. Qg8+ Rxg8 25. Nf7# 1-0

[Event "Xtracon GM"]
[Site "Borup"]
[Date "2010.09.04"]
[Round "3"]
[White "Thomsen, Peter"]
[Black "Bejtovic, Jasmin"]
[Result "0-1"]
[WhiteElo "1930"]
[BlackElo "2404"]
[PlyCount "84"]
[EventDate "2010.09.03"]
[EventType "swiss"]
[EventRounds "9"]
[EventCountry "DEN"]
[Source "ChessBase"]
[SourceDate "2010.10.29"]

1. d4 Nf6 2. Nf3 g6 3. Bg5 Bg7 4. Nbd2 O-O 5. e3 d6 6. Bd3 Nbd7 7. c3 h6 8. Bh4
Qe8 9. Qc2 e5 10. O-O-O Nb6 11. h3 Nfd5 12. dxe5 dxe5 13. g4 Be6 14. Ne4 f5 15.
gxf5 gxf5 16. Nc5 e4 17. Nxe4 fxe4 18. Bxe4 Nf6 19. Bg6 Qa4 20. Qxa4 Nxa4 21.
Rd4 Nc5 22. Ne5 Nfd7 23. Nxd7 Nxd7 24. Rd2 Ne5 25. Be4 Nf3 26. Bxf3 Rxf3 27.
Bg3 c6 28. a3 Kf7 29. h4 h5 30. Bf4 Bf6 31. Kd1 Bg4 32. Ke1 Rd8 33. Rxd8 Bxd8
34. Bg3 Ke6 35. Kd2 Bb6 36. Re1 Kd5 37. Kd3 Bf5+ 38. Ke2 Ke4 39. Kd2 Bg4 40.
Rg1 Rxe3 41. Re1 Rxe1 42. Kxe1 Kf3 0-1

[Event "Xtracon GM"]
[Site "Borup"]
[Date "2010.09.04"]
[Round "3"]
[White "Zdebskaja, Natalia"]
[Black "Christensen, Verner"]
[Result "1-0"]
[WhiteElo "2357"]
[BlackElo "1968"]
[PlyCount "93"]
[EventDate "2010.09.03"]
[EventType "swiss"]
[EventRounds "9"]
[EventCountry "DEN"]
[Source "ChessBase"]
[SourceDate "2010.10.29"]

1. e4 e5 2. Nf3 Nc6 3. Bb5 f5 4. d3 fxe4 5. dxe4 d6 6. O-O Be7 7. Nc3 Nf6 8.
Qd3 Be6 9. Ng5 Qd7 10. Nxe6 Qxe6 11. Nd5 Qd7 12. f4 Rd8 13. Qc4 a6 14. Bxc6
Qxc6 15. Qd3 Rd7 16. Kh1 O-O 17. f5 Nxd5 18. exd5 Qb6 19. Be3 c5 20. c4 Qd8 21.
Qd2 Qc8 22. Rf3 b5 23. b3 b4 24. Raf1 Bf6 25. Qd3 Rdf7 26. Qe4 Qd8 27. Qg4 Qe7
28. Rh3 e4 29. Qh5 h6 30. Qg6 Bg5 31. g4 Qf6 32. Qxf6 Bxf6 33. Bf4 Re8 34. Re1
Rd7 35. Rhe3 Kf7 36. Rxe4 Rxe4 37. Rxe4 Be7 38. Kg2 a5 39. Re6 Kf8 40. h4 Kf7
41. g5 hxg5 42. hxg5 Bf8 43. Kf3 Be7 44. Kg4 Bf8 45. g6+ Kg8 46. Re8 Re7 47.
Rxf8+ 1-0

[Event "Xtracon GM"]
[Site "Borup"]
[Date "2010.09.05"]
[Round "4"]
[White "Ambirk, Jan"]
[Black "Christensen, John"]
[Result "1-0"]
[WhiteElo "2136"]
[BlackElo "2106"]
[PlyCount "87"]
[EventDate "2010.09.03"]
[EventType "swiss"]
[EventRounds "9"]
[EventCountry "DEN"]
[Source "ChessBase"]
[SourceDate "2010.10.29"]

1. e4 b6 2. d4 Bb7 3. Bd3 e6 4. Nf3 c5 5. O-O cxd4 6. Nxd4 Nc6 7. Nxc6 dxc6 8.
Nc3 Qc7 9. Qf3 Bd6 10. h3 Ne7 11. Re1 Ng6 12. Qh5 O-O-O 13. a4 Ne5 14. Bf1 g6
15. Qh6 f6 16. a5 Nf7 17. axb6 axb6 18. Qe3 g5 19. Na4 c5 20. Qb3 Bh2+ 21. Kh1
Rd6 22. Nc3 Bc6 23. Nb5 Bxb5 24. Bxb5 Kd8 25. g3 Bxg3 26. Qxg3 Ke7 27. Kh2 h5
28. e5 Nxe5 29. Bxg5 Nf3+ 30. Qxf3 fxg5 31. Kg2 g4 32. hxg4 Rg8 33. Ra4 Rf8 34.
Rf4 hxg4 35. Qxg4 Rxf4 36. Qxf4 Qb7+ 37. Kg1 Qd5 38. Qh4+ Kf7 39. Qh7+ Kf6 40.
Qh8+ Kf7 41. Qe8+ Kg7 42. Qe7+ Kg8 43. Bd3 c4 44. Re4 1-0

[Event "Xtracon GM"]
[Site "Borup"]
[Date "2010.09.05"]
[Round "4"]
[White "Andersen, Mads"]
[Black "Brondum, Eric"]
[Result "1-0"]
[WhiteElo "2385"]
[BlackElo "2105"]
[PlyCount "41"]
[EventDate "2010.09.03"]
[EventType "swiss"]
[EventRounds "9"]
[EventCountry "DEN"]
[Source "ChessBase"]
[SourceDate "2010.10.29"]

1. e4 c5 2. Nf3 d6 3. d4 cxd4 4. Nxd4 Nf6 5. Nc3 g6 6. Be3 Bg7 7. f3 Nc6 8. Qd2
Bd7 9. O-O-O O-O 10. g4 Rc8 11. Kb1 Ne5 12. h4 h5 13. g5 Nh7 14. f4 Ng4 15. Bg1
a6 16. Be2 b5 17. f5 Ne5 18. Nd5 Re8 19. fxg6 fxg6 20. Nf5 gxf5 21. Bb6 1-0

[Event "Xtracon GM"]
[Site "Borup"]
[Date "2010.09.05"]
[Round "4"]
[White "Andersen, Morten"]
[Black "Nielsen, Morten"]
[Result "1-0"]
[WhiteElo "2179"]
[BlackElo "1935"]
[PlyCount "71"]
[EventDate "2010.09.03"]
[EventType "swiss"]
[EventRounds "9"]
[EventCountry "DEN"]
[Source "ChessBase"]
[SourceDate "2010.10.29"]

1. f4 d5 2. Nf3 c5 3. g3 Nc6 4. Bg2 f6 5. d3 e5 6. fxe5 fxe5 7. e4 d4 8. c3 Bg4
9. O-O Qd7 10. Qb3 O-O-O 11. cxd4 Nxd4 12. Nxd4 Qxd4+ 13. Kh1 Nf6 14. Nc3 Qxd3
15. Bg5 Qa6 16. Bxf6 gxf6 17. Qf7 Bd6 18. Qxf6 h5 19. Qg5 Rdf8 20. Qd2 Rxf1+
21. Rxf1 Rf8 22. Rxf8+ Bxf8 23. Qg5 Qh6 24. h4 Qxg5 25. hxg5 Kd7 26. Bf1 Bd6
27. Kg2 Ke7 28. Bc4 Kf8 29. Bd5 b6 30. g6 Kg7 31. Bf7 Be7 32. Nb5 a5 33. Nc7 h4
34. gxh4 Bxh4 35. Ne8+ Kf8 36. Bd5 1-0

[Event "Xtracon GM"]
[Site "Borup"]
[Date "2010.09.05"]
[Round "4"]
[White "Andersen, Niels Erik"]
[Black "Jorgensen, Morten"]
[Result "1-0"]
[WhiteElo "1955"]
[BlackElo "1785"]
[PlyCount "57"]
[EventDate "2010.09.03"]
[EventType "swiss"]
[EventRounds "9"]
[EventCountry "DEN"]
[Source "ChessBase"]
[SourceDate "2010.10.29"]

1. d4 Nf6 2. c4 c5 3. d5 b5 4. cxb5 Qa5+ 5. Nc3 Ne4 6. Qd3 Nxc3 7. Qxc3 Qxb5 8.
e4 Qb4 9. Qxb4 cxb4 10. Bd2 a5 11. Nf3 Ba6 12. Rc1 d6 13. Bxa6 Nxa6 14. Be3 g6
15. Bd4 Rg8 16. O-O Bg7 17. e5 dxe5 18. Bxe5 Bxe5 19. Nxe5 f6 20. Ng4 h5 21.
Ne3 Kf7 22. Rc6 Rgb8 23. b3 Rd8 24. Rfc1 Ke8 25. Kf1 Nb8 26. Re6 Rd6 27. Rxd6
exd6 28. Rc8+ Ke7 29. Nc4 1-0

[Event "Xtracon GM"]
[Site "Borup"]
[Date "2010.09.05"]
[Round "4"]
[White "Christensen, Casper"]
[Black "Molvig, Henrik"]
[Result "0-1"]
[WhiteElo "1897"]
[BlackElo "2174"]
[PlyCount "118"]
[EventDate "2010.09.03"]
[EventType "swiss"]
[EventRounds "9"]
[EventCountry "DEN"]
[Source "ChessBase"]
[SourceDate "2010.10.29"]

1. e4 c5 2. d3 Nc6 3. g3 g6 4. Bg2 Bg7 5. f4 e6 6. Nf3 Nge7 7. O-O O-O 8. c3 b6
9. Re1 Bb7 10. Nbd2 Rc8 11. Nf1 b5 12. Qc2 b4 13. c4 Nd4 14. Nxd4 Bxd4+ 15. Be3
Nc6 16. Bxd4 Nxd4 17. Qd1 d6 18. Ne3 Rc7 19. Nc2 Nxc2 20. Qxc2 Qf6 21. a3 Qd4+
22. Kh1 d5 23. axb4 cxb4 24. b3 Ra8 25. Ra5 a6 26. exd5 exd5 27. Re5 Qb6 28.
Qa2 dxc4 29. dxc4 Rd8 30. Bd5 Rcd7 31. Qa4 Qf2 32. Qa1 Bxd5+ 33. Raxd5 Qf3+ 34.
Kg1 Rxd5 35. cxd5 Qxb3 36. Qxa6 Qd1+ 37. Qf1 Rxd5 38. Qxd1 Rxd1+ 39. Kg2 Rd2+
40. Kh3 b3 41. Rb5 b2 42. g4 Kf8 43. Kg3 Ke7 44. h3 Kd6 45. Kf3 Kc6 46. Rb8 Kc5
47. Ke3 Rh2 48. Kd3 Rxh3+ 49. Kc2 Rh2+ 50. Kb1 Kd5 51. Rf8 Ke6 52. Re8+ Kf6 53.
Re5 h5 54. g5+ Kg7 55. Re4 Rg2 56. Re3 Rf2 57. Re4 h4 58. Rd4 h3 59. Rd1 h2 0-1

[Event "Xtracon GM"]
[Site "Borup"]
[Date "2010.09.05"]
[Round "4"]
[White "Danielsen, Henrik"]
[Black "Larsen, Jesper Riis"]
[Result "1-0"]
[WhiteElo "2529"]
[BlackElo "2004"]
[PlyCount "69"]
[EventDate "2010.09.03"]
[EventType "swiss"]
[EventRounds "9"]
[EventCountry "DEN"]
[Source "ChessBase"]
[SourceDate "2010.10.29"]

1. g3 Nf6 2. Bg2 d5 3. Nf3 c6 4. b3 e6 5. Bb2 Nbd7 6. O-O Bd6 7. c4 O-O 8. d3
Qe7 9. Qc2 b6 10. a3 Bb7 11. Nc3 Rac8 12. e4 e5 13. Bh3 d4 14. Ne2 Rcd8 15. Bc1
Bc8 16. b4 c5 17. Nh4 Nb8 18. Bxc8 Rxc8 19. Nf5 Qc7 20. b5 Rfe8 21. f4 Nbd7 22.
Bd2 Nf8 23. Rf3 Ng6 24. Raf1 Ne7 25. fxe5 Bxe5 26. Nxe7+ Qxe7 27. Bg5 Qd6 28.
Qc1 Rc7 29. Bxf6 Bxf6 30. Rxf6 gxf6 31. Qh6 Re6 32. Nf4 f5 33. Nxe6 fxe6 34.
Rxf5 Rg7 35. e5 1-0

[Event "Xtracon GM"]
[Site "Borup"]
[Date "2010.09.05"]
[Round "4"]
[White "Doluhanova, Evgeniya"]
[Black "Petersen, Nils"]
[Result "1/2-1/2"]
[WhiteElo "2259"]
[BlackElo "2067"]
[PlyCount "45"]
[EventDate "2010.09.03"]
[EventType "swiss"]
[EventRounds "9"]
[EventCountry "DEN"]
[Source "ChessBase"]
[SourceDate "2010.10.29"]

1. e4 c5 2. Nc3 Nc6 3. f4 a6 4. Nf3 Nd4 5. Nxd4 cxd4 6. Ne2 d5 7. d3 Bg4 8. h3
Bxe2 9. Bxe2 e6 10. O-O Nf6 11. e5 Nd7 12. Bg4 g6 13. b3 h5 14. Bf3 Bb4 15. a3
Bc3 16. Rb1 b5 17. Qe2 a5 18. Qf2 Qe7 19. Qg3 h4 20. Qf2 Qc5 21. Qe2 Nb8 22.
Bg4 Nc6 23. Qf2 1/2-1/2

[Event "Xtracon GM"]
[Site "Borup"]
[Date "2010.09.05"]
[Round "4"]
[White "Eriksson, Christian Altenburg"]
[Black "Hillarp Persson, Tiger"]
[Result "0-1"]
[WhiteElo "2152"]
[BlackElo "2517"]
[PlyCount "94"]
[EventDate "2010.09.03"]
[EventType "swiss"]
[EventRounds "9"]
[EventCountry "DEN"]
[Source "ChessBase"]
[SourceDate "2010.10.29"]

1. e4 d6 2. d4 g6 3. Nf3 Bg7 4. c3 Nf6 5. Bd3 O-O 6. O-O Nc6 7. h3 e5 8. Re1 h6
9. Na3 a6 10. Nc2 Re8 11. d5 Ne7 12. c4 Rf8 13. Rb1 Nh7 14. b4 f5 15. Na3 Nf6
16. Nd2 Kh8 17. Rf1 Bd7 18. c5 fxe4 19. Nxe4 Nexd5 20. Nxf6 Qxf6 21. Qb3 Bc6
22. cxd6 cxd6 23. Be4 Ne7 24. Bxc6 bxc6 25. Nc4 d5 26. Nb6 Rad8 27. Qa4 Nf5 28.
Qxa6 e4 29. a4 Qe6 30. a5 Nh4 31. Qe2 Rf3 32. Re1 Nxg2 33. Qxf3 Nxe1 34. Qg4
Nf3+ 35. Kg2 Qf7 36. Bb2 h5 37. Bxg7+ Kxg7 38. Qg3 h4 39. Qg4 Qc7 40. Rh1 Qd6
41. Nc8 Qf6 42. Nb6 Ne5 43. Qe2 Nd3 44. Qe3 d4 45. Qd2 e3 46. fxe3 Qg5+ 47. Kf3
Ne5+ 0-1

[Event "Xtracon GM"]
[Site "Borup"]
[Date "2010.09.05"]
[Round "4"]
[White "Hein, Juergen"]
[Black "Hansen, Jakob"]
[Result "0-1"]
[WhiteElo "1931"]
[BlackElo "1999"]
[PlyCount "100"]
[EventDate "2010.09.03"]
[EventType "swiss"]
[EventRounds "9"]
[EventCountry "DEN"]
[Source "ChessBase"]
[SourceDate "2010.10.29"]

1. d4 c6 2. Nf3 d5 3. g3 g6 4. Bg2 Bg7 5. O-O Nf6 6. Bg5 Nbd7 7. Re1 Ne4 8. Bf4
h6 9. Nc3 Ndf6 10. Be5 O-O 11. Nxe4 dxe4 12. Nd2 Bf5 13. e3 Qd7 14. Qe2 Rad8
15. Rad1 Bg4 16. f3 exf3 17. Nxf3 h5 18. h3 Bxh3 19. Bxh3 Qxh3 20. Rd2 Ne4 21.
Ng5 Nxg5 22. Bxg7 Kxg7 23. Qg2 Qg4 24. Rf1 Ne6 25. c4 Qg5 26. Rf3 Qa5 27. a3
Ng5 28. Rff2 f5 29. Rd3 Ne4 30. b4 Qc7 31. Rf3 e6 32. Kh2 b6 33. Qb2 Kh7 34.
Rb3 g5 35. Qc2 h4 36. Kg2 Nxg3 37. Qd1 e5 38. d5 e4 39. Rf2 g4 40. Rf4 Nh5 41.
Rf2 Kh6 42. Rd2 h3+ 43. Kh1 Rf6 44. c5 g3 45. d6 Qf7 46. Rbb2 g2+ 47. Rxg2
hxg2+ 48. Rxg2 Rg6 49. Rh2 Rg5 50. a4 Rdg8 0-1

[Event "Xtracon GM"]
[Site "Borup"]
[Date "2010.09.05"]
[Round "4"]
[White "Holtzmann, Sonny Reimer"]
[Black "Hansen, Lars Henrik Bech"]
[Result "0-1"]
[WhiteElo "1738"]
[BlackElo "2039"]
[PlyCount "80"]
[EventDate "2010.09.03"]
[EventType "swiss"]
[EventRounds "9"]
[EventCountry "DEN"]
[Source "ChessBase"]
[SourceDate "2010.10.29"]

1. e4 d6 2. d4 Nf6 3. Nc3 g6 4. Nf3 Bg7 5. h3 O-O 6. Be3 c6 7. Qd2 b5 8. Bd3
Nbd7 9. O-O Nb6 10. b3 a5 11. Rad1 a4 12. Rfe1 Nfd7 13. Bh6 e5 14. Bf1 Qe7 15.
Bxg7 Kxg7 16. dxe5 dxe5 17. Qd6 Qxd6 18. Rxd6 axb3 19. axb3 b4 20. Nd1 Bb7 21.
Ne3 f6 22. Rc1 Nc5 23. Nd2 Rad8 24. Ndc4 Rxd6 25. Nxd6 Nc8 26. Nxb7 Nxb7 27.
Ba6 Nc5 28. Bxc8 Rxc8 29. f3 Ra8 30. Rd1 Kf7 31. Rd6 Ra6 32. Nc4 Ke7 33. Rd1
Ne6 34. Ne3 Nd4 35. Kf1 Ra2 36. Rd2 f5 37. Rxd4 exd4 38. Nc4 Ke6 39. Kf2 d3 40.
Ne3 dxc2 0-1

[Event "Xtracon GM"]
[Site "Borup"]
[Date "2010.09.05"]
[Round "4"]
[White "Hubka, Roland"]
[Black "Baekgaard, Martin"]
[Result "0-1"]
[WhiteElo "2048"]
[BlackElo "2276"]
[PlyCount "74"]
[EventDate "2010.09.03"]
[EventType "swiss"]
[EventRounds "9"]
[EventCountry "DEN"]
[Source "ChessBase"]
[SourceDate "2010.10.29"]

1. Nf3 Nf6 2. c4 c6 3. Nc3 d5 4. cxd5 cxd5 5. d4 Nc6 6. g3 Bf5 7. Bg2 e6 8. Bg5
Qb6 9. O-O Ne4 10. Bc1 Be7 11. Nxe4 Bxe4 12. e3 O-O 13. a3 a5 14. Ne5 Nxe5 15.
dxe5 Bg6 16. h4 Rfc8 17. e4 Bxe4 18. Bxe4 dxe4 19. Qg4 Qd4 20. Bf4 e3 21. Rad1
exf2+ 22. Rxf2 Qe4 23. Re2 Qa4 24. Red2 Rd8 25. Qe2 Rac8 26. Kh2 Qc6 27. h5 h6
28. Rxd8+ Rxd8 29. Rxd8+ Bxd8 30. Qd2 Bb6 31. b4 a4 32. Kh3 Qf3 33. Qd7 Qxh5+
34. Kg2 Qe2+ 35. Kh3 h5 36. Qe8+ Kh7 37. Qxf7 Bg1 0-1

[Event "Xtracon GM"]
[Site "Borup"]
[Date "2010.09.05"]
[Round "4"]
[White "Hvenekilde, Jorgen"]
[Black "Hoi, Carsten"]
[Result "0-1"]
[WhiteElo "2107"]
[BlackElo "2419"]
[PlyCount "78"]
[EventDate "2010.09.03"]
[EventType "swiss"]
[EventRounds "9"]
[EventCountry "DEN"]
[Source "ChessBase"]
[SourceDate "2010.10.29"]

1. d4 Nf6 2. Nf3 d5 3. c4 dxc4 4. g3 g6 5. Bg2 Bg7 6. O-O O-O 7. Na3 c6 8. Nxc4
Be6 9. Nce5 Bd5 10. b3 Nbd7 11. Nd3 a5 12. Bb2 a4 13. Rc1 axb3 14. axb3 Ra2 15.
Ra1 Rxa1 16. Bxa1 Qa5 17. Nd2 Bxg2 18. Kxg2 Qd5+ 19. Kg1 Ra8 20. Bb2 h5 21. Qc2
Bh6 22. Nf3 Qf5 23. Ra1 Rxa1+ 24. Bxa1 Ne4 25. Bb2 Ndf6 26. Bc1 Bxc1 27. Qxc1
Kg7 28. h4 Nd5 29. Kg2 f6 30. Nf4 Nxf4+ 31. Qxf4 Qxf4 32. gxf4 Kf7 33. e3 Ke6
34. Kf1 Kf5 35. Ke2 Kg4 36. Ne5+ fxe5 37. f3+ Kxh4 38. fxe4 exf4 39. exf4 Kg4
0-1

[Event "Xtracon GM"]
[Site "Borup"]
[Date "2010.09.05"]
[Round "4"]
[White "Kulaots, Kaido"]
[Black "Teplyi, Igor"]
[Result "1-0"]
[WhiteElo "2592"]
[BlackElo "2408"]
[PlyCount "65"]
[EventDate "2010.09.03"]
[EventType "swiss"]
[EventRounds "9"]
[EventCountry "DEN"]
[Source "ChessBase"]
[SourceDate "2010.10.29"]

1. e4 c5 2. Nf3 d6 3. d4 cxd4 4. Nxd4 Nf6 5. Nc3 a6 6. a4 Nbd7 7. g3 g6 8. Bg2
Bg7 9. O-O O-O 10. h3 Qc7 11. Bg5 h6 12. Be3 Ne5 13. Qc1 h5 14. f4 Nc4 15. Bf2
Bd7 16. b3 Na5 17. Nd5 Nxd5 18. exd5 Rac8 19. Qe1 Rfe8 20. Rd1 b6 21. Rd2 Qc3
22. Kh2 Bf6 23. Qd1 Qb4 24. Rd3 Nb7 25. f5 Nc5 26. fxg6 fxg6 27. Be1 Qa3 28.
Rdf3 Nxa4 29. bxa4 Qxa4 30. Nc6 Bf5 31. Rxf5 gxf5 32. Qxh5 Qxc2 33. Qg6+ 1-0

[Event "Xtracon GM"]
[Site "Borup"]
[Date "2010.09.05"]
[Round "4"]
[White "Larsen, Bo Heine"]
[Black "Jensen, Soren Holm"]
[Result "1/2-1/2"]
[WhiteElo "1804"]
[BlackElo "2024"]
[PlyCount "88"]
[EventDate "2010.09.03"]
[EventType "swiss"]
[EventRounds "9"]
[EventCountry "DEN"]
[Source "ChessBase"]
[SourceDate "2010.10.29"]

1. e4 e5 2. Nf3 Nc6 3. Bc4 Bc5 4. O-O d6 5. h3 Nf6 6. Re1 O-O 7. c3 Bb6 8. a4
a6 9. b4 Ne7 10. d4 Ng6 11. Na3 h6 12. a5 Ba7 13. b5 exd4 14. cxd4 d5 15. exd5
Nxd5 16. Ne5 Nc3 17. Qc2 Nxe5 18. dxe5 Nxb5 19. Nxb5 axb5 20. Bxb5 c6 21. Bf1
Bd4 22. Ra3 Rxa5 23. Rg3 Rxe5 24. Rd1 Re6 25. Bc4 Rf6 26. Be3 c5 27. Kh1 Be6
28. Bd3 Kh8 29. Be4 b5 30. Qe2 Qb6 31. f4 Bxe3 32. Qxe3 Qc7 33. Rf1 Bf5 34. Bd5
c4 35. Qe5 Qxe5 36. fxe5 Rg6 37. Rgf3 Bd3 38. R1f2 f5 39. g4 f4 40. Rxf4 Rxf4
41. Rxf4 Rg5 42. Rf8+ Kh7 43. Bg8+ Kg6 44. Bf7+ Kh7 1/2-1/2

[Event "Xtracon GM"]
[Site "Borup"]
[Date "2010.09.05"]
[Round "4"]
[White "Larsen, Thomas Gjerken"]
[Black "Zdebskaja, Natalia"]
[Result "0-1"]
[WhiteElo "2076"]
[BlackElo "2357"]
[PlyCount "82"]
[EventDate "2010.09.03"]
[EventType "swiss"]
[EventRounds "9"]
[EventCountry "DEN"]
[Source "ChessBase"]
[SourceDate "2010.10.29"]

1. e4 c5 2. Nf3 d6 3. d4 Nf6 4. Nc3 cxd4 5. Nxd4 a6 6. Be3 e5 7. Nb3 Be6 8. Be2
Be7 9. O-O O-O 10. a4 Nbd7 11. a5 Rc8 12. f3 Qc7 13. Qd2 Rfd8 14. Rfc1 d5 15.
exd5 Nxd5 16. Nxd5 Bxd5 17. Bd3 Bc4 18. Bxc4 Qxc4 19. Qf2 Nf6 20. Qf1 Qb4 21.
Bb6 Rd7 22. Rd1 Rxc2 23. Rxd7 Nxd7 24. Qd3 Rxb2 25. Qxd7 Rxb3 26. Qe8+ Bf8 27.
Qxe5 Rb1+ 28. Rxb1 Qxb1+ 29. Kf2 Qc2+ 30. Kf1 Qd3+ 31. Kf2 Qd2+ 32. Kf1 Qd6 33.
Qe8 f6 34. h3 Qc6 35. Qd8 Kf7 36. Qd4 Bd6 37. Kf2 Qc2+ 38. Kf1 Qc1+ 39. Kf2 Qc6
40. Kf1 Bg3 41. Qd2 Qb5+ 0-1

[Event "Xtracon GM"]
[Site "Borup"]
[Date "2010.09.05"]
[Round "4"]
[White "Larsson, Johan"]
[Black "Sorensen, Dick"]
[Result "0-1"]
[WhiteElo "2130"]
[BlackElo "1966"]
[PlyCount "62"]
[EventDate "2010.09.03"]
[EventType "swiss"]
[EventRounds "9"]
[EventCountry "DEN"]
[Source "ChessBase"]
[SourceDate "2010.10.29"]

1. d4 f5 2. Nf3 Nf6 3. e3 e6 4. a3 d5 5. c4 c6 6. Ne5 Nbd7 7. Bd3 Nxe5 8. dxe5
Ng4 9. f4 dxc4 10. h3 Qh4+ 11. Kd2 Nf2 12. Qe1 cxd3 13. Rg1 Ne4+ 14. Kxd3 Qd8+
15. Ke2 b6 16. Nc3 Ba6+ 17. Kf3 Qd3 18. Nxe4 Qxe4+ 19. Kg3 O-O-O 20. Qf2 Be7
21. Bd2 g5 22. Rge1 h5 23. Rac1 Bb7 24. Re2 h4+ 25. Kh2 g4 26. hxg4 fxg4 27.
Kh1 c5 28. Kg1 g3 29. Qf3 Qxf3 30. gxf3 Bxf3 31. Ree1 Rxd2 0-1

[Event "Xtracon GM"]
[Site "Borup"]
[Date "2010.09.05"]
[Round "4"]
[White "Miezis, Normunds"]
[Black "Drozdovskij, Yuri"]
[Result "1/2-1/2"]
[WhiteElo "2519"]
[BlackElo "2608"]
[PlyCount "21"]
[EventDate "2010.09.03"]
[EventType "swiss"]
[EventRounds "9"]
[EventCountry "DEN"]
[Source "ChessBase"]
[SourceDate "2010.10.29"]

1. c4 e6 2. e4 d5 3. exd5 exd5 4. d4 Nf6 5. Nf3 Bb4+ 6. Bd2 Bxd2+ 7. Nbxd2 O-O
8. Be2 dxc4 9. Nxc4 c6 10. O-O Be6 11. Re1 1/2-1/2

[Event "Xtracon GM"]
[Site "Borup"]
[Date "2010.09.05"]
[Round "4"]
[White "Pedersen, Henrik Dahl"]
[Black "Kokholm, Daniel"]
[Result "1-0"]
[WhiteElo "2235"]
[BlackElo "1951"]
[PlyCount "81"]
[EventDate "2010.09.03"]
[EventType "swiss"]
[EventRounds "9"]
[EventCountry "DEN"]
[Source "ChessBase"]
[SourceDate "2010.10.29"]

1. d4 Nf6 2. Nf3 g6 3. c4 Bg7 4. Nc3 O-O 5. b3 d6 6. Bb2 Nbd7 7. e3 c6 8. Be2
a6 9. a4 e5 10. O-O e4 11. Nd2 d5 12. b4 Re8 13. b5 Nf8 14. Nb3 Ne6 15. cxd5
cxd5 16. a5 Bf8 17. Na4 Nd7 18. Qd2 Bd6 19. Nbc5 axb5 20. Bxb5 Ndxc5 21. dxc5
Bc7 22. Nb6 Qh4 23. f4 exf3 24. gxf3 d4 25. f4 Bxb6 26. cxb6 Rd8 27. exd4 Qg4+
28. Kh1 Nc5 29. Qg2 Nb3 30. Ra3 Qxg2+ 31. Kxg2 Nxd4 32. Rd1 Ne6 33. Rxd8+ Nxd8
34. Bf6 Ne6 35. Kf3 Nc5 36. Rc3 Ne6 37. Be5 h6 38. a6 Nd8 39. a7 Nc6 40. Rxc6
Bd7 41. Rc5 1-0

[Event "Xtracon GM"]
[Site "Borup"]
[Date "2010.09.05"]
[Round "4"]
[White "Schandorff, Lars"]
[Black "Skytte, Rasmus"]
[Result "1/2-1/2"]
[WhiteElo "2492"]
[BlackElo "2400"]
[PlyCount "38"]
[EventDate "2010.09.03"]
[EventType "swiss"]
[EventRounds "9"]
[EventCountry "DEN"]
[Source "ChessBase"]
[SourceDate "2010.10.29"]

1. d4 Nf6 2. c4 c5 3. d5 b5 4. cxb5 a6 5. bxa6 g6 6. Nc3 Bxa6 7. g3 Bg7 8. Bg2
d6 9. Nf3 Nfd7 10. Qc2 Nb6 11. h4 h6 12. Nh2 Nc4 13. h5 g5 14. O-O Nd7 15. Ng4
Qa5 16. a3 Ndb6 17. Nd1 Qa4 18. b3 Qd7 19. bxc4 Bxa1 1/2-1/2